000 00691nam a2200289Ia 4500
005 20260324122656.0
008 008 260324s9999 xx 000 0 eng d
020 _a9780203828960
037 _aEBOOK
040 _aCRL
040 _beng
040 _cCRL
041 _2eng
041 _aeng
084 _qCRL
100 _aDona J. Stewart
_91167367
245 4 _aThe Middle East Today
245 0 _bPolitical, Geographical and Cultural Perspectives
260 _bTaylor and Francis
260 _c2012
365 _a
365 _b255
856 _uhttp://www.taylorfrancis.com/books/9780203828960
942 _cEBOOK
999 _c1760300
_d1760300